| 000 | 00396nam a22001697a 4500 | ||
|---|---|---|---|
| 005 | 20180316153011.0 | ||
| 008 | 160624b xxu||||| |||| 00| 0 eng d | ||
| 020 | _a81-203-1218-X | ||
| 041 | _aeng | ||
| 082 |
_b9516 _a332.645 |
||
| 100 |
_aHull, John C _9379 |
||
| 245 | _aOptions, Futures and others Darithtions | ||
| 260 | _bPHI | ||
| 300 | _a541 | ||
| 650 |
_aManagement _9241 |
||
| 942 | _cBK | ||
| 999 |
_c3814 _d3813 |
||